00374nam a2200133 a 450000500170000000800410001702000150005805000230007310000210009624500690011726000170018630000290020352100080023220140310183214.0030421s19uu xx 00 eng d a0803601131 aRC 440b.G659 2000 aGorman, Linda M. aPychosocial Nursing for General Patient Care /cLinda M. Gorman. aUSA :c2000. a606 p. :bill. ;c18 cm. aNUR